000 00683nam a2200241Ia 4500
003 OSt
005 20220928114144.0
006 a|||||r|||| 00| 0
007 ta
008 220927b |||||||| |||| 00| 0 eng d
024 _a10076
037 _cTextual
040 _aSDCL
_cSDCL
_beng
041 _2eng
_aeng
082 _aV3:28'P, P3
100 _aLeys Colin
_9374433
245 0 _aMarket-driven politics
_bNeoliberal democracy and the public interest
260 _aLondon
_bVerso
_c2003
300 _aviii,280p
_ccm.
650 _aPublic Administration Gt Britain
_9437213
942 _hV3:28'P, P3
_cTEXL
_2CC
999 _c753182
_d753182